000 00485nam a2200181Ia 4500
001 18223
005 20260306171615.0
008 260306s9999||||xx |||||||||||||| ||und||
041 _aESP
082 _a658.4012
_bW53A
100 _aWheelen, Thomas L.
_eAUT
245 0 _aAdministración estratégica y política de negocios:
_bhacia la sostenibilidad global
260 _c2013
300 _a423 páginas :
_c25 cm.
650 _aGEN
654 _aCAN
942 _cLIB
_dJUS
_fJUS
_2ddc
_n
999 _c18223
_d18223